000 00359nam a2200169Ia 4500
100 _aBaron/Joe/ Baz/Hisham
650 _aAWS
942 _cBK
366 _f20
654 _aAWS
245 _aAWS Certified solutions architect official study guide
260 _bSybex
_c2017
082 _a5.74
_bBAR
300 _a455
546 _aENGLISH
999 _c33431
_d33431